The developing child /

Introduction. The beginnings of life. The physical child. The thinking child. The social child. The whole child.

Gespeichert in:
Bibliographische Detailangaben
1. Verfasser: Bee, Helen L. 1939-
Format: Buch
Sprache:English
Veröffentlicht: Boston : Allyn and Bacon, 2000.
Ausgabe:9th ed.
Schlagworte:
Tags: Tag hinzufügen
Keine Tags, Fügen Sie den ersten Tag hinzu!
Thư viện lưu trữ: Mạng thư viện Đại học Đà Nẵng
LEADER 00961cam a2200349 i 4500
001 000048617
003 8339
005 20030408140130.0
008 010323|2000 vm 000 eng
020 |a 0321047095 
040 |a IRC  |c IRC  |d IRC 
041 0 |a eng 
082 1 4 |a 155.4  |b BE-H 
100 1 |a Bee, Helen L.  |q (Helen Lucille),  |d 1939- 
245 0 4 |a The developing child /  |c Helen Bee. 
250 |a 9th ed. 
260 |a Boston :  |b Allyn and Bacon,  |c 2000. 
300 |a 575 p. ;  |c 27.5cm. 
520 3 |a Introduction. The beginnings of life. The physical child. The thinking child. The social child. The whole child. 
630 0 4 |a Psychology. 
630 0 4 |a Child psychology. 
650 0 4 |a Child psychology. 
OWN |a DUT 
999 |a From the UDN01 
TYP |a Monograph 
TYP |a Printed language 
980 |a Mạng thư viện Đại học Đà Nẵng